| Tag |
First Indicator |
Second Indicator |
Subfields |
| LEADER |
00000cam a2200000 a 4500 |
| 001 |
in00002852621 |
| 005 |
20151203084046.0 |
| 008 |
120215s2012 inu b 001 0 eng |
| 010 |
|
|
|a 2012005442
|
| 016 |
7 |
|
|a 016136500
|2 Uk
|
| 016 |
7 |
|
|a 016156917
|2 Uk
|
| 020 |
|
|
|a 9780865978416 (hardcover : alk. paper)
|
| 020 |
|
|
|a 0865978417 (hardcover : alk. paper)
|
| 020 |
|
|
|a 9780865978423 (pbk. : alk. paper)
|
| 020 |
|
|
|a 0865978425 (pbk. : alk. paper)
|
| 035 |
|
|
|a (OCoLC)ocn777327499
|
| 035 |
|
|
|a (OCoLC)777327499
|
| 040 |
|
|
|a DLC
|b eng
|c DLC
|d YDX
|d BTCTA
|d UKMGB
|d OCLCO
|d YDXCP
|d BWX
|d CDX
|d TLE
|d PUL
|d UtOrBLW
|
| 041 |
1 |
|
|a eng
|h spa
|
| 042 |
|
|
|a pcc
|
| 043 |
|
|
|a n-mx---
|
| 049 |
|
|
|a TXAM
|
| 050 |
0 |
0 |
|a JC574.2.M6
|b L56 2012
|
| 082 |
0 |
0 |
|a 320.510972
|2 23
|
| 245 |
0 |
0 |
|a Liberty in Mexico :
|b writings on liberalism from the early republican period to the second half of the twentieth century /
|c edited and with an introduction by José Antonio Aguilar Rivera ; translated from the Spanish by Janet M. Burke and Ted Humphrey.
|
| 264 |
|
1 |
|a Indianapolis, Ind. :
|b Liberty Fund,
|c 2012.
|
| 300 |
|
|
|a xxix, 582 pages ;
|c 24 cm.
|
| 336 |
|
|
|a text
|b txt
|2 rdacontent
|
| 337 |
|
|
|a unmediated
|b n
|2 rdamedia
|
| 338 |
|
|
|a volume
|b nc
|2 rdacarrier
|
| 504 |
|
|
|a Includes bibliographical references and index.
|
| 505 |
0 |
|
|a The founding and early constitutional experiments : 1821-1840 / José María Luis Mora ; Lorenzo de Zavala ; Valentín Gómez Farías ; Lucas Alamán -- Liberty in the liberal republic : 1845-1876 / Mariano Otero ; Ignacio Ramírez ;Francisco Zarco ; Ignacio Manuel Altamirano ; Guillermo Prieto -- Liberty and order : 1876-1912 / Justo Sierra ; José María Vigil ; Emilio Rabasa -- Against the current : 1930-1989 / Jorge Cuesta ; Antonio Caso ; Octavio Paz.
|
| 650 |
|
0 |
|a Liberalism
|z Mexico
|x History
|y 19th century.
|
| 650 |
|
0 |
|a Liberalism
|z Mexico
|x History
|y 20th century.
|
| 700 |
1 |
|
|a Aguilar Rivera, José Antonio,
|d 1968-
|
| 700 |
1 |
|
|a Burke, Janet,
|d 1943-
|
| 700 |
1 |
|
|a Humphrey, Ted,
|d 1941-
|
| 938 |
|
|
|a Baker and Taylor
|b BTCP
|n BK0011486927
|
| 938 |
|
|
|a Blackwell Book Service
|b BBUS
|n 7622412
|
| 938 |
|
|
|a YBP Library Services
|b YANK
|n 7622412
|
| 938 |
|
|
|a Coutts Information Services
|b COUT
|n 21007942
|
| 947 |
|
|
|a A14835909189
|
| 945 |
|
|
|a PromptCat
|b 211949
|
| 946 |
|
|
|a stk
|
| 994 |
|
|
|a 92
|b TXA
|
| 948 |
|
|
|a Cataloged
|b h
|c 2013/2/20
|d c
|e EGrant
|
| 999 |
|
|
|a MARS
|
| 999 |
f |
f |
|s 3f4bac2e-317a-3e1d-a2fb-6609ce5179a6
|i fa876a4e-2621-3277-84a2-bf34d1ce257e
|t 0
|
| 952 |
f |
f |
|p normal
|a Texas A&M University
|b College Station
|c Sterling C. Evans Library
|d Evans: Library Stacks
|t 0
|e JC574.2.M6 L56 2012
|h Library of Congress classification
|i unmediated -- volume
|m A14835909189
|
| 998 |
f |
f |
|a JC574.2.M6 L56 2012
|t 0
|l Evans: Library Stacks
|